000 00871nam a22002177a 4500
999 _c4942
_d4942
003 AR-CdUCM
008 190311b ||||| |||| 00| 0 spa d
040 _aMUNICIPALIDAD PROVINCIAL DEL CUSCO
_cBIBLIOTECA MUNICIPAL DEL CUSCO
082 _a372.4 /
_bB89
100 _aBühier, Charlotte
_915156
245 _aEl desarrollo psicologico del niño /
260 _aBuenos Aires :
_bLosada S.A. ,
_c1958.
300 _a167 páginas ;
_c19 cm.
440 _aBiblioteca del maestro
_n3
_915157
505 _aContenido : El niño Preescolar -- La edad escolar -- Inventario del primer año de vida -- el escolar principante -- la influencia de la herencia del ambiente sobre el desarrollo del caracter...
650 _aPsicologia Escolar
_915158
650 _aLa herencia como influencia
_915159
650 _aPsicologia Infantil
_97924
942 _2ddc
_cLIBROS
945 _artm